000 00749nam a2200229Ia 4500
001 15582
003 GE_BSU
008 181216s||||||||xx |||||||||||||| ||und||
040 _cGE_BSU
080 _a821.353.1-17
100 _aჩხიკვაძე, ზურაბ
245 _aდაბადების დღე
245 _bსატირა, იუმორი... ექსპრომტებით.
245 _cრედ.ვ.დარჩია
260 _aბათუმი
260 _bალიონი
260 _c1998
300 _a64გვ.17სმ.
653 _aდაბადების დღე
653 _aსატირა, იუმორი... ექსპრომტებით.
942 _cBK
999 _c48682
_d48682